Mariano Marcos State University

University Library System

schaum's outline of theory and problems of statistics and mechanics of materials / (Record no. 29089)

MARC details
000 -LEADER
fixed length control field 00565nam a22001817a 4500
005 - DATE AND TIME OF LATEST TRANSACTION
control field 20260507111113.0
008 - FIXED-LENGTH DATA ELEMENTS--GENERAL INFORMATION
fixed length control field 260507b |||||||| |||| 00| 0 eng d
020 ## - INTERNATIONAL STANDARD BOOK NUMBER
International Standard Book Number 0070458960
040 ## - CATALOGING SOURCE
Original cataloging agency MMSU
Transcribing agency ULS
050 ## - LIBRARY OF CONGRESS CALL NUMBER
Classification number TA 351 N37 1992 CIRC
100 ## - MAIN ENTRY--PERSONAL NAME
Personal name Nash, William A.
245 ## - TITLE STATEMENT
Title schaum's outline of theory and problems of statistics and mechanics of materials /
Statement of responsibility, etc. William A. Nash
260 ## - PUBLICATION, DISTRIBUTION, ETC.
Place of publication, distribution, etc. New York:
Name of publisher, distributor, etc. McGraw-Hill,Inc.
Date of publication, distribution, etc. 1992
300 ## - PHYSICAL DESCRIPTION
Extent 282 pages :
Dimensions 25 cm.
500 ## - GENERAL NOTE
General note Includes index
650 ## - SUBJECT ADDED ENTRY--TOPICAL TERM
Topical term or geographic name entry element Statics-problems,exercises etc.
942 ## - ADDED ENTRY ELEMENTS (KOHA)
Source of classification or shelving scheme
Koha item type Books
Holdings
Withdrawn status Lost status Source of classification or shelving scheme Damaged status Not for loan Home library Current library Shelving location Date acquired Inventory number Total Checkouts Full call number Barcode Date last seen Price effective from Koha item type
          MMSU Main Library MMSU Main Library Circulation 05/07/2026 93-0998   TA 351 N37 1992 CIRC 21164 05/07/2026 05/07/2026 Books

© 2023 Mariano Marcos State University. All Rights Reserved.

Powered by Koha